000 00452nam a2200193Ia 4500
008 170705s9999 xx 000 0 und d
020 _a9780439560535
245 _aRocky road trip /
245 _cJudith Bauer Stamper.
260 _aNew York :
260 _bScholastic,
260 _c2003
300 _a89 pages :
300 _bcolor illustration ;
300 _c19cm.
440 _aThe magic school bus ;
440 _v20
500 _a600
999 _c336233
_d336233